Przewodniczący Parlamentu Europejskiego - Statystyki

Ogólne statystyki
  • Ten quiz został rozwiązany 90 razy
  • Średni wynik to 5 z 17
Statystyki odpowiedzi
Lata urzędowania Polityk % Poprawnych
2022- Roberta Metsola
84%
2009-12 Jerzy Buzek
80%
2012-17 Martin Schulz
48%
2017-19 Antonio Tajani
40%
2019-22 David Sassoli
36%
2004-07 Josep Borrell
36%
1979-82 Simone Veil
32%
2007-09 Hans-Gert Poettering
24%
2002-04 Pat Cox
16%
1992-94 Egon Klepsch
12%
1994-97 Klaus Haensch
12%
1987-89 C. Henry Plumb
8%
1999-2002 Nicole Fontaine
8%
1984-87 Pierre Pfimlin
8%
1982-84 Piet Dankert
8%
1997-99 Jose Maria Gil-Robles
4%
1989-92 Enrique Barón Crespo
0%
Nie znaleziono quizów pasujących do podanych kryteriów
Rozkład punktacji
Procent ludzi z każdym wynikiem
Percentyl według liczby udzielonych odpowiedzi
Twoja historia wyników
Nie rozwiązałeś tego quizu